000 00326nam a2200121Ia 4500
005 20251222152654.0
008 251222s9999||||xx |||||||||||||| ||spa||
082 _a340/M61
100 _aSENASA
245 0 _aLey General de Semillas (Ley N° 27262) y su Reglamento General
264 _bMinisterio de Agricultura
942 _cLIB
999 _c28587
_d28587